TRAINING IN MOTION HOW TO USE MOVEMENT T (Record no. 31637)
[ view plain ]
| 000 -LEADER | |
|---|---|
| fixed length control field | 00340nam a2200133Ia 4500 |
| 008 - FIXED-LENGTH DATA ELEMENTS--GENERAL INFORMATION | |
| fixed length control field | 240624s9999 xx 000 0 und d |
| 041 ## - LANGUAGE CODE | |
| Language code of text/sound track or separate title | eng |
| 082 ## - DEWEY DECIMAL CLASSIFICATION NUMBER | |
| Classification number | 153.153 KUC |
| 100 ## - MAIN ENTRY--PERSONAL NAME | |
| Personal name | KUCZALA MIKE |
| 245 ## - TITLE STATEMENT | |
| Title | TRAINING IN MOTION HOW TO USE MOVEMENT T |
| 260 ## - PUBLICATION, DISTRIBUTION, ETC. | |
| Date of publication, distribution, etc. | 2015 |
| Place of publication, distribution, etc. | New York |
| Name of publisher, distributor, etc. | Amacom |
| 300 ## - PHYSICAL DESCRIPTION | |
| Extent | xvii, 204 p.; 23 cm. |
| 365 ## - TRADE PRICE | |
| Currency code | |
| Price amount | 38 |
| Withdrawn status | Lost status | Damaged status | Not for loan | Home library | Current library | Shelving location | Date acquired | Full call number | Barcode | Date last seen | Copy number | Price effective from | Koha item type |
|---|---|---|---|---|---|---|---|---|---|---|---|---|---|
| IMTN | IMTN | Rack 2-B | 04/24/2019 | 153.153 KUC | 31637 | 06/24/2024 | 72 | 06/24/2024 | Books |